Nulidades administrativas en la LNPA reformada / (Registro nro. 6297)
[ vista simple ]
| 000 -LEADER | |
|---|---|
| fixed length control field | 00896nabaa22002057a 4500 |
| 003 - CONTROL NUMBER IDENTIFIER | |
| control field | OSt |
| 005 - DATE AND TIME OF LATEST TRANSACTION | |
| control field | 20260129015549.0 |
| 008 - FIXED-LENGTH DATA ELEMENTS--GENERAL INFORMATION | |
| fixed length control field | 190701b xxu||||| |||| 00| 0 spa d |
| 040 ## - CATALOGING SOURCE | |
| Transcribing agency | PJ |
| 100 ## - MAIN ENTRY--PERSONAL NAME | |
| 9 (RLIN) | 6890 |
| Personal name | Sammartino, Patricio M. E. |
| 245 10 - TITLE STATEMENT | |
| Title | Nulidades administrativas en la LNPA reformada / |
| Remainder of title | Patricio M. E. Sammartino. |
| 300 ## - PHYSICAL DESCRIPTION | |
| Extent | p. 36-92 |
| 500 ## - GENERAL NOTE | |
| General note | Cita: TR LALEY AR/DOC/810/2025 |
| 505 ## - FORMATTED CONTENTS NOTE | |
| Formatted contents note | Sumario: I. Precisiones introductorias.— II. El régimen de la invalidez del acto administrativo. Etapas y características.— III. Conclusiones. |
| 505 ## - FORMATTED CONTENTS NOTE | |
| Title | ¿Te interesa el texto completo? Comunicate al correo: koha@justierradelfuego.gov.ar |
| 650 #0 - SUBJECT ADDED ENTRY--TOPICAL TERM | |
| 9 (RLIN) | 211 |
| Topical term or geographic name as entry element | DERECHO ADMINISTRATIVO |
| 650 #0 - SUBJECT ADDED ENTRY--TOPICAL TERM | |
| 9 (RLIN) | 1171 |
| Topical term or geographic name as entry element | ACTO ADMINISTRATIVO |
| 773 0# - HOST ITEM ENTRY | |
| Host Biblionumber | 2842 |
| Host Itemnumber | 3251 |
| Place, publisher, and date of publication | Buenos Aires : AbeledoPerrot, 2012- |
| Other item identifier | DA121 |
| Title | Derecho administrativo. Nº 159 mayo/junio 2025 |
| International Standard Book Number | 18510590 |
| 942 ## - ADDED ENTRY ELEMENTS (KOHA) | |
| Source of classification or shelving scheme | |
| Koha item type | Analítica Artículo de Revista |
No hay ítems disponibles.
